| 000 | 00337nam a2200121Ia 4500 | ||
|---|---|---|---|
| 008 | 210430s9999 xx 000 0 und d | ||
| 082 | _a620.5 N175 N | ||
| 100 |
_aRainer Waser _952800 |
||
| 245 |
_aNanoelectronics and information technology _cRainer Waser |
||
| 260 |
_aGermany _bWiley VCH _c2003 |
||
| 300 | _a1001p. | ||
| 942 |
_cBK _2ddc |
||
| 999 |
_c563019 _d563019 |
||